New York Jets 2023-24 Roster - Statistics

General Stats
  • This quiz has been taken 78 times
  • The average score is 10 of 50
Answer Stats
Position Answer % Correct
QB1 Aaron Rodgers
98%
QB2 Zach Wilson
97%
WR1 Garrett Wilson
90%
QB3 Tim Boyle
65%
RB1 Breece Hall
60%
CB1 Sauce Gardner
37%
WR2 Allen Lazard
35%
RB3 Michael Carter
35%
WR5 Randall Cobb
28%
TE1 Tyler Conklin
25%
CB4 Bryce Hall
22%
CB2 D.J. Reed
22%
DT Quinnen Williams
20%
LB Quincy Williams
18%
TE2 C.J. Uzomah
17%
LB C.J. Mosley
15%
C Joe Tippman
15%
CB3 Michael Carter II
15%
G Alijah Vera-Tucker
13%
RB4 Israel Abanikanda
13%
TE3 Jeremy Ruckert
13%
T Mekhi Becton
13%
QB4 Chris Streveler
12%
C Connor McGovern
12%
DE Jermaine Johnson
12%
DE John Franklin-Myers
12%
S Jordan Whitehead
12%
WR3 Mecole Hardman
12%
DE Bryce Huff
10%
DE Carl Lawson
10%
WR4 Corey Davis
10%
T Duane Brown
10%
RB2 Zonovan Knight
10%
S Ashtyn Davis
8%
K Greg Zuerlein
8%
G Laken Tomlinson
8%
S Chuck Clark
7%
S Adrian Amos
5%
G Billy Turner
5%
DT Quinton Jefferson
5%
P Thomas Morestead
5%
G Wes Schweitzer
5%
DT Al Woods
3%
T Max Mitchell
3%
FB Nick Badwen
3%
LB Will McDonald IV
3%
C Trystan Colon
2%
DE Micheal Clemons
0%
LS Thomas Hennessy
0%
T Yodny Cajuste
0%
No matching quizzes found
Score Distribution
Percent of People with Each Score
Percentile by Number Answered
Your Score History
You have not taken this quiz